Sports Quiz

Random Sports or Soccer Quiz
Score 0/24 Timer 10:00
0 Plays Today
Club (Year) Player % Correct
Nashville SC (2019)Matt Pickens
61.5%
Nashville SC (2018)Matt Pickens
61.5%
Rochester Rhinos (2015)Brandon Miller
38.5%
Orlando City SC (2011)Miguel Gallardo
38.5%
Rochester Rhinos (2016)Tomas Gomez
38.5%
Rochester Rhinos (2017)Tomas Gomez
38.5%
Orlando City SC (2012)Miguel Gallardo
38.5%
New York Red Bulls II (2016)Ryan Meara
38.5%
San Antonio FC (2017)Diego Restrepo
38.5%
FC Cincinnati (2016)Mitch Hildebrandt
38.5%
Rochester Rhinos (2014)John McCarthy
30.8%
FC Cincinnati (2018)Evan Newton
30.8%
Club (Year) Player % Correct
Louisville City FC (2016)Greg Ranjitsingh
30.8%
Tampa Bay Rowdies (2019)John McCarthy
30.8%
Richmond Kickers (2014)Joe Willis
23.1%
Pittsburgh Riverhounds SC (2018)Daniel Lynd
23.1%
Pittsburgh Riverhounds SC (2019)Kyle Morton
23.1%
Colorado Springs Switchbacks FC (2016)Devala Gorrick
23.1%
Phoenix Rising FC (2019)Zac Lubin
23.1%
Charleston Battery (2011)Andrew Dykstra
15.4%
Richmond Kickers (2013)Andrew Dykstra
15.4%
Real Monarchs SLC (2017)Connor Sparrow
15.4%
San Antonio FC (2016)Josh Ford
15.4%
Sacramento Republic FC (2016)Dominik Jakubek
7.7%
Remove Ads.
Support Sporcle.
Get the best of Sporcle when you Go Orange. This ad-free experience offers more features, more stats, and more fun while also helping to support Sporcle. Thank you for becoming a member.

You're not logged in!

Compare scores with friends on all Sporcle quizzes.
OR
Log In

Sporcle TV

Today on Sporcle TV


Watch our educational content, quiz creation guides, and fun videos on Sporcle TV.

Show Comments

Extras

Top Quizzes Today


Score Distribution

Paid Content

Your Account Isn't Verified!

In order to create a playlist on Sporcle, you need to verify the email address you used during registration. Go to your Sporcle Settings to finish the process.

Report this User

Report this user for behavior that violates our Community Guidelines.

Details: